Music Quiz

Random Music or Billboard Quiz

Queen Top 40 US Hits Quiz Stats

 Plays Quiz not verified by Sporcle

Challenge
Share
Tweet
Embed
Score 0/12 Timer 05:00
0 Plays Today
Year Song % Correct
1975Bohemian Rhapsody
96%
1991Bohemian Rhapsody
96%
1977We Are The Champions
93.9%
1980Another One Bites The Dust
87.9%
1974Killer Queen
84.8%
1984Radio Ga Ga
80.8%
1979Crazy Little Thing Called Love
79.8%
1978Bicycle Race/Fat Bottomed Girls
77.8%
1981Under Pressure
73.7%
1976Somebody To Love
60.6%
1976You're My Best Friend
59.6%
1982Body Language
40.4%

You're not logged in!

Compare scores with friends on all Sporcle quizzes.
OR
Log In

You Might Also Like...

Show Comments

Extras

Top Quizzes Today


Score Distribution

Your Account Isn't Verified!

In order to create a playlist on Sporcle, you need to verify the email address you used during registration. Go to your Sporcle Settings to finish the process.

Report this User

Report this user for behavior that violates our Community Guidelines.

Details: